00339pab a2200121 454500008004000000100002600040245007800066260000900144300001500153362001200168650001900180773001800199180718b2013 xxu||||| |||| 00| 0 eng d aChhetri, Durga Prasad aSocial protection through DCT: Emerging evidence and the challenges ahead c2013 ap.328-344. aOct-Dec aSocial welfare aSocial Action